Студенческий квартал: VII Всероссийский смотр научных и творческих работ иностранных студентов и аспирантов: литературно-публицистический альманах

Bibliografske podrobnosti
Korporativna značnica: Национальный исследовательский Томский политехнический университет (ТПУ)
Drugi avtorji: Королькова Я. В. Яна Владимировна (редактор)
Izvleček:В альманахе представлены творческие работы участников VII Всероссийского Смотра научных и творческих работ иностранных студентов и аспирантов вузов РФ. Сборник включает литературные произведения, фотографии, картины студентов и аспирантов из разных стран мира: Китая, Вьетнама, Монглии, Гвинеи, Казахстана и др.Альманах предназначен для студентов, преподавателей, а также для широкого круга читателей
Jezik:ruščina
Izdano: Томск, Изд-во ТПУ, 2013
Teme:
Format: Knjiga
KOHA link:https://koha.lib.tpu.ru/cgi-bin/koha/opac-detail.pl?biblionumber=288391

MARC

LEADER 00000nam0a2200000 4500
001 288391
005 20240215090728.0
035 |a (RuTPU)RU\TPU\book\312858 
090 |a 288391 
100 |a 20150324d2013 m y0rusy50 ca 
101 0 |a rus 
102 |a RU 
105 |a a z 000zy 
200 1 |a Студенческий квартал: VII Всероссийский смотр научных и творческих работ иностранных студентов и аспирантов  |e литературно-публицистический альманах  |f Национальный исследовательский Томский политехнический университет (ТПУ) ; под ред. Я. В. Корольковой 
210 |a Томск  |c Изд-во ТПУ  |d 2013 
215 |a 88 с.  |c ил. 
330 |a В альманахе представлены творческие работы участников VII Всероссийского Смотра научных и творческих работ иностранных студентов и аспирантов вузов РФ. Сборник включает литературные произведения, фотографии, картины студентов и аспирантов из разных стран мира: Китая, Вьетнама, Монглии, Гвинеи, Казахстана и др.Альманах предназначен для студентов, преподавателей, а также для широкого круга читателей 
606 1 |a Альманахи литературно-художественные  |2 stltpush  |3 (RuTPU)RU\TPU\subj\1851  |9 30517 
610 1 |a иностранные студенты 
610 1 |a аспиранты 
610 1 |a научные работы 
610 1 |a проза 
610 1 |a фотографии 
675 |a 8-81  |v 3 
702 1 |a Королькова  |b Я. В.  |c лингвист  |c доцент Томского политехнического университета, кандидат филологических наук   |f 1984-  |g Яна Владимировна  |3 (RuTPU)RU\TPU\pers\30763  |4 340  |9 15033 
712 0 2 |a Национальный исследовательский Томский политехнический университет (ТПУ)  |c (2009- )  |3 (RuTPU)RU\TPU\col\15902 
801 1 |a RU  |b 63413507  |c 20150324 
801 2 |a RU  |b 63413507  |c 20160913  |g RCR 
942 |c BK